[Event "30th Klatovy B 2024"]
[Site "Klatovy CZE"]
[Date "2024.07.06"]
[Round "8.21"]
[White "Spackova, Martina 1992"]
[Black "Krivka, Lukas"]
[Result "0-1"]
[WhiteElo "1777"]
[BlackElo "1587"]
[PlyCount "94"]
[EventDate "2024.06.29"]
[EventType "swiss"]
[EventRounds "9"]
[EventCountry "CZE"]

1. g3 g6 2. Bg2 Bg7 3. c4 e6 4. Nc3 Nf6 5. e4 O-O 6. e5 Ne8 7. d4 d6 8. f4 Nd7 9. h4 c5 10. dxc5 dxe5 11. h5 Qc7 12. hxg6 hxg6 13. c6 bxc6 14. Nb5 Qb6 15. Qf3 Bb7 16. Be3 Qa5+ 17. Bd2 Qd8 18. g4 cxb5 19. Qh3 Nef6 20. Bxb7 Rb8 21. Bc6 bxc4 22. Bxd7 Qxd7 23. fxe5 Rfd8 24. Bg5 Ne4 25. Qh7+ Kf8 26. Bh6 Bxh6 27. Qxh6+ Ke7 28. Qe3 Qd2+ 29. Qxd2 Rxd2 30. b3 c3 31. Nf3 Rd3 32. O-O Nd2 33. Nxd2 cxd2 34. Kf2 Rb5 35. Ke2 Rd7 36. Rfd1 Rxe5+ 37. Kf3 Rd3+ 38. Kf4 Red5 39. g5 R5d4+ 40. Ke5 Rg4 41. a4 Rxg5+ 42. Kf4 Rgd5 43. a5 f6 44. Ra4 g5+ 45. Kg4 R5d4+ 46. Rxd4 Rxd4+ 47. Kf3 Kd6 0-1

[Event "30th Klatovy B 2024"]
[Site "Klatovy CZE"]
[Date "2024.07.06"]
[Round "8.23"]
[White "Kvaca, Frantisek"]
[Black "Pucholt, Martin"]
[Result "0-1"]
[WhiteElo "1558"]
[BlackElo "1752"]
[PlyCount "92"]
[EventDate "2024.06.29"]
[EventType "swiss"]
[EventRounds "9"]
[EventCountry "CZE"]

1. e4 c5 2. Nf3 d6 3. d4 cxd4 4. Nxd4 Nf6 5. Nc3 a6 6. Nf3 Nbd7 7. Bc4 e6 8. Bg5 Be7 9. O-O b5 10. Bd3 Bb7 11. Re1 O-O 12. e5 Bxf3 13. Qxf3 Nxe5 14. Rxe5 dxe5 15. Bxf6 Bxf6 16. Ne4 Be7 17. Qh5 g6 18. Qxe5 Rc8 19. g3 Qc7 20. Qd4 Qd8 21. Qe3 Bf6 22. Rb1 Bg7 23. h4 h5 24. Ng5 Bh6 25. Re1 Bxg5 26. hxg5 Qd5 27. b3 Rfd8 28. Qf4 Qd6 29. Qf6 Qf8 30. Kg2 Qg7 31. Qf4 Rd4 32. Qe3 Rcd8 33. f4 R4d6 34. Qe4 Qd4 35. Qf3 Qb2 36. Re2 Qxa2 37. Bxg6 fxg6 38. Qe4 Kf7 39. Qe5 Kg8 40. Qf6 e5 41. Qxe5 Qa5 42. Qe7 Qb6 43. f5 Qc6+ 44. Kf2 Qc5+ 45. Kg2 Qd5+ 46. Kh2 Qxf5 0-1

[Event "30th Klatovy B 2024"]
[Site "Klatovy CZE"]
[Date "2024.07.06"]
[Round "8.24"]
[White "Tejnor, Martin"]
[Black "Rektor, David"]
[Result "1/2-1/2"]
[WhiteElo "1732"]
[BlackElo "1625"]
[PlyCount "135"]
[EventDate "2024.06.29"]
[EventType "swiss"]
[EventRounds "9"]
[EventCountry "CZE"]

1. e4 c6 2. d4 d5 3. exd5 cxd5 4. Bd3 Nc6 5. c3 g6 6. h3 Bg7 7. Nf3 Nf6 8. Bf4 O-O 9. O-O Re8 10. Re1 Nd7 11. Qb3 e5 12. dxe5 Ndxe5 13. Nxe5 Nxe5 14. Bxe5 Bxe5 15. Nd2 d4 16. Nf3 Be6 17. Qc2 Bg7 18. Nxd4 Bxd4 19. cxd4 Qxd4 20. Rad1 Rac8 21. Qb1 Qb6 22. b3 Rc5 23. Rc1 Rec8 24. Rc2 Rxc2 25. Bxc2 Qc5 26. Re2 Qg5 27. Re3 Qc5 28. Re2 Qg5 29. Kh2 Qf4+ 30. g3 Qh6 31. Qf1 Bg4 32. f3 Be6 33. f4 Rc5 34. Be4 Bxh3 35. Qxh3 Rh5 36. Bg2 Rxh3+ 37. Bxh3 g5 38. fxg5 Qxg5 39. Rc2 Qh5 40. Rd2 Qa5 41. Rc2 Qe5 42. Bg2 Qh5+ 43. Bh3 Qd1 44. Rf2 h5 45. Bg2 Qd6 46. Rf4 Qd2 47. a4 Qb2 48. Rf3 Qd4 49. Rf4 Qd2 50. Rf3 Qg5 51. Rf4 Qe7 52. Rf3 h4 53. g4 Qg5 54. Kh3 Qd2 55. Rf5 Qe1 56. Rf3 Kf8 57. Kh2 Qe2 58. Kh3 Ke7 59. Kh2 f6 60. Kh3 Kf7 61. Kh2 Kg6 62. Kh3 b6 63. Rf5 Qe1 64. Rf3 Qg1 65. Rf5 Qe3+ 66. Rf3 Qe1 67. Rd3 Kg5 68. Rd5+ 1/2-1/2

[Event "30th Klatovy B 2024"]
[Site "Klatovy CZE"]
[Date "2024.07.06"]
[Round "8.25"]
[White "Mascak, Milan"]
[Black "Stegner, Mathias 2007"]
[Result "1-0"]
[WhiteElo "1662"]
[BlackElo "1566"]
[PlyCount "111"]
[EventDate "2024.06.29"]
[EventType "swiss"]
[EventRounds "9"]
[EventCountry "CZE"]

1. d4 g6 2. e4 Bg7 3. Be3 d6 4. Qd2 c5 5. c3 cxd4 6. cxd4 Nc6 7. Bb5 Bd7 8. Nc3 Nf6 9. Nf3 O-O 10. O-O a6 11. Be2 Bg4 12. Rfd1 Bxf3 13. Bxf3 Rb8 14. Rac1 e5 15. d5 Ne7 16. g4 Qd7 17. h3 h5 18. Qe2 hxg4 19. hxg4 Nh7 20. Kg2 f6 21. Rh1 Ng5 22. Bxg5 fxg5 23. Qe3 Bf6 24. Rh3 Kg7 25. Rch1 Rh8 26. Be2 Rbc8 27. Qf3 Rcd8 28. Rxh8 Rxh8 29. Rxh8 Kxh8 30. Qxf6+ Kg8 31. Qe6+ Qxe6 32. dxe6 b5 33. Nd5 Nc6 34. a4 bxa4 35. Bxa6 Nd4 36. Nf6+ Kf8 37. Nh7+ Ke7 38. Nxg5 Nb3 39. Bc4 Nc5 40. f3 Nb7 41. Kf2 Kf6 42. Ke2 Nc5 43. Kd2 Ke7 44. Kc3 Kf6 45. b4 axb3 46. Bxb3 Ke7 47. Kb4 Nb7 48. Kb5 Nc5 49. Bc4 Nb7 50. Kb6 Nc5 51. Kc6 Na4 52. Nf7 Nb2 53. Bd5 Nd3 54. Nxd6 Ne1 55. Nc8+ Ke8 56. Kd6 1-0

[Event "30th Klatovy B 2024"]
[Site "Klatovy CZE"]
[Date "2024.07.06"]
[Round "8.26"]
[White "Cervenka, Jakub"]
[Black "Stepnicka, Filip"]
[Result "1-0"]
[WhiteElo "1638"]
[BlackElo "1434"]
[PlyCount "53"]
[EventDate "2024.06.29"]
[EventType "swiss"]
[EventRounds "9"]
[EventCountry "CZE"]

1. e4 c5 2. Nf3 e6 3. d4 cxd4 4. Nxd4 a6 5. a4 Qc7 6. Be2 Nf6 7. f3 Bd6 8. g3 Nc6 9. Nxc6 dxc6 10. Be3 O-O 11. Nd2 Bb4 12. O-O e5 13. c3 Ba5 14. Nc4 b5 15. Nxa5 Qxa5 16. axb5 Qc7 17. bxa6 Be6 18. Qc2 h6 19. Rfd1 c5 20. Qa4 Rfb8 21. b4 cxb4 22. cxb4 Qc3 23. Bd2 Qd4+ 24. Kg2 Bd7 25. Qa3 Qb6 26. Qa5 Bc8 27. Qxe5 1-0

[Event "30th Klatovy B 2024"]
[Site "Klatovy CZE"]
[Date "2024.07.06"]
[Round "8.27"]
[White "Babicky, Jan 2009"]
[Black "Koukola, Stepan"]
[Result "1-0"]
[WhiteElo "1542"]
[BlackElo "1470"]
[PlyCount "73"]
[EventDate "2024.06.29"]
[EventType "swiss"]
[EventRounds "9"]
[EventCountry "CZE"]

1. e4 e6 2. d4 d5 3. Nc3 dxe4 4. Nxe4 Bd7 5. Nf3 Bc6 6. Nc3 Nd7 7. Bc4 Ngf6 8. O-O Be7 9. d5 exd5 10. Nxd5 Nxd5 11. Bxd5 Bxd5 12. Qxd5 c6 13. Qb3 Nc5 14. Qc4 O-O 15. Qg4 Qc7 16. Bh6 Bf6 17. Nh4 Rfe8 18. Rfe1 g6 19. f4 Qb6 20. Kh1 Ne4 21. Rxe4 Rxe4 22. Rd1 Rae8 23. h3 Re1+ 24. Rxe1 Rxe1+ 25. Kh2 Qg1+ 26. Kg3 Qe3+ 27. Nf3 Re2 28. Qc8+ Qe8 29. Qxb7 Rxc2 30. Qxa7 Rxb2 31. a4 Qb8 32. Qc5 Qa8 33. Ne5 Qc8 34. Qd6 Rb3+ 35. Kh2 Bh4 36. Nf3 Bf6 37. Qxf6 1-0

[Event "30th Klatovy B 2024"]
[Site "Klatovy CZE"]
[Date "2024.07.06"]
[Round "8.28"]
[White "Chmelova, Klara"]
[Black "Studnicka, Ondrej"]
[Result "0-1"]
[WhiteElo "1457"]
[BlackElo "1748"]
[PlyCount "72"]
[EventDate "2024.06.29"]
[EventType "swiss"]
[EventRounds "9"]
[EventCountry "CZE"]

1. e4 c5 2. Nf3 Nc6 3. d4 cxd4 4. Nxd4 g6 5. Nc3 Bg7 6. Nb3 Nf6 7. Bc4 O-O 8. O-O Ne5 9. Bd3 d5 10. exd5 Nxd5 11. Nxd5 Qxd5 12. Re1 Nxd3 13. cxd3 Be6 14. Bg5 Qxg5 15. g3 Bxb2 16. Rb1 Bg7 17. Rc1 Rac8 18. Rxc8 Rxc8 19. Qf3 Qd5 20. Qxd5 Bxd5 21. Rxe7 Kf8 22. Re1 Bxb3 23. axb3 Rc3 24. Ra1 a6 25. Kf1 Rxd3 26. Rc1 Rxb3 27. Ke2 a5 28. Kd2 a4 29. Rc8+ Ke7 30. Ra8 a3 31. Kc2 Rb2+ 32. Kd3 a2 33. f4 Rxh2 34. Ke4 a1=Q 35. Rxa1 Bxa1 36. Kd5 Rg2 0-1

[Event "30th Klatovy B 2024"]
[Site "Klatovy CZE"]
[Date "2024.07.06"]
[Round "8.29"]
[White "Jarosik, Karel"]
[Black "Vavrousek, Petr"]
[Result "0-1"]
[WhiteElo "1456"]
[BlackElo "1710"]
[PlyCount "84"]
[EventDate "2024.06.29"]
[EventType "swiss"]
[EventRounds "9"]
[EventCountry "CZE"]

1. e4 e6 2. d4 d5 3. Nc3 Nf6 4. e5 Nfd7 5. Nf3 c5 6. Bg5 Qb6 7. Rb1 cxd4 8. Nxd4 Nxe5 9. Be2 Bb4 10. O-O Bd7 11. Be3 Qd8 12. Qd2 Nbc6 13. a3 Bd6 14. Ncb5 Bb8 15. Nxc6 bxc6 16. Nd4 O-O 17. b3 c5 18. Nf3 Qc7 19. g3 Ng4 20. Qd3 Nxe3 21. Qxe3 a5 22. c4 d4 23. Qd3 e5 24. Ng5 f5 25. Qf3 Bc6 26. Qh5 g6 27. Qh4 Qd7 28. Rbd1 Bc7 29. Rfe1 Rac8 30. Bf1 Bd8 31. Qh6 Qg7 32. Qxg7+ Kxg7 33. Nh3 Bf6 34. f4 e4 35. Bg2 Rb8 36. Rb1 Rf7 37. Nf2 Rfb7 38. Nd3 Rxb3 39. Rxb3 Rxb3 40. Nxc5 Rxa3 41. Rb1 d3 42. Rd1 Bd4+ 0-1

[Event "30th Klatovy B 2024"]
[Site "Klatovy CZE"]
[Date "2024.07.06"]
[Round "8.30"]
[White "Tereshonkov, Stanislav"]
[Black "Devera, Filip"]
[Result "1/2-1/2"]
[WhiteElo "1413"]
[BlackElo "1641"]
[PlyCount "88"]
[EventDate "2024.06.29"]
[EventType "swiss"]
[EventRounds "9"]
[EventCountry "CZE"]

1. e4 e6 2. Nc3 d5 3. exd5 exd5 4. d4 Bb4 5. Bd2 Ne7 6. Nf3 Bg4 7. a3 Bd6 8. h3 Bh5 9. Be2 f6 10. Nh4 Bxe2 11. Qxe2 Nbc6 12. Qe3 O-O 13. O-O Re8 14. Nf3 Qd7 15. Qd3 Qf5 16. Qxf5 Nxf5 17. Nxd5 Nfxd4 18. Nxd4 Nxd4 19. Rfc1 Re5 20. Nc3 Rae8 21. Bf4 Ne2+ 22. Nxe2 Rxe2 23. Bxd6 cxd6 24. b3 d5 25. c3 Rb2 26. Rab1 Ra2 27. a4 Ree2 28. Rf1 g5 29. Rbd1 Rab2 30. Rxd5 Rxb3 31. Rd7 Rbb2 32. g3 Red2 33. Rxd2 Rxd2 34. Rb1 b6 35. Ra1 Rc2 36. Ra3 Kf7 37. a5 bxa5 38. Rxa5 Rxc3 39. Rxa7+ Kg6 40. Kg2 h5 41. Ra4 Rb3 42. h4 g4 43. Rf4 Ra3 44. Re4 Rf3 1/2-1/2

[Event "30th Klatovy B 2024"]
[Site "Klatovy CZE"]
[Date "2024.07.06"]
[Round "8.31"]
[White "Martinek, Tomas 2012"]
[Black "Tykalova, Barbora 2015"]
[Result "0-1"]
[WhiteElo "1438"]
[BlackElo "1594"]
[PlyCount "54"]
[EventDate "2024.06.29"]
[EventType "swiss"]
[EventRounds "9"]
[EventCountry "CZE"]

1. e4 e5 2. Nf3 d5 3. exd5 e4 4. Nd4 Qxd5 5. Nb3 Nf6 6. Nc3 Qd8 7. d3 Bb4 8. Bg5 a5 9. a3 Bxc3+ 10. bxc3 exd3 11. cxd3 a4 12. Nc5 Qd5 13. Bxf6 gxf6 14. Nxa4 Qe5+ 15. Be2 b5 16. d4 Qe4 17. f3 Qe3 18. Nc5 Qxc3+ 19. Kf1 b4 20. a4 Bf5 21. Kf2 Bc2 22. Ne4 Bxd1 23. Nxc3 Bxe2 24. Kxe2 bxc3 25. Kd3 Nc6 26. Rhe1+ Kd7 27. Kxc3 Rhd8 0-1

[Event "30th Klatovy B 2024"]
[Site "Klatovy CZE"]
[Date "2024.07.06"]
[Round "8.36"]
[White "Vanousek, Zdenek"]
[Black "Souralova, Jana"]
[Result "1/2-1/2"]
[WhiteElo "1406"]
[BlackElo "1557"]
[PlyCount "66"]
[EventDate "2024.06.29"]
[EventType "swiss"]
[EventRounds "9"]
[EventCountry "CZE"]

1. e4 e5 2. Nf3 Nc6 3. Nc3 Nf6 4. Bc4 Bb4 5. Nd5 Be7 6. d3 d6 7. O-O Bg4 8. Re1 Nd4 9. c3 Nxf3+ 10. gxf3 Bh3 11. f4 c6 12. Nxf6+ gxf6 13. Re3 Rg8+ 14. Rg3 Rxg3+ 15. fxg3 Qb6+ 16. d4 d5 17. exd5 cxd5 18. Bxd5 exd4 19. Qb3 Qxb3 20. axb3 dxc3 21. bxc3 Bc5+ 22. Kh1 Rd8 23. c4 Rd7 24. Bd2 Re7 25. Re1 Rxe1+ 26. Bxe1 b6 27. Be4 f5 28. Bd3 a5 29. Bc2 Ke7 30. Bc3 Ke6 31. Be5 Ke7 32. Bd1 Ke6 33. Bh5 Ke7 1/2-1/2

[Event "30th Klatovy B 2024"]
[Site "Klatovy CZE"]
[Date "2024.07.07"]
[Round "9.11"]
[White "Vo, Daniel"]
[Black "Rudlof, Jan 2006"]
[Result "1-0"]
[WhiteElo "1705"]
[BlackElo "1599"]
[PlyCount "63"]
[EventDate "2024.06.29"]
[EventType "swiss"]
[EventRounds "9"]
[EventCountry "CZE"]

1. e4 {[%emt 0:00:02]} e5 {[%emt 0:00:12]} 2. Nf3 {[%emt 0:00:06]} Nc6 {[%emt 0:00:22]} 3. d4 {[%emt 0:00:20]} exd4 {[%emt 0:00:15]} 4. Bc4 {[%emt 0:00:15]} Bb4+ {[%emt 0:01:30]} 5. c3 {[%emt 0:01:03]} dxc3 {[%emt 0:01:10]} 6. bxc3 {[%emt 0:00:23]} Bc5 {[%emt 0:02:23]} 7. Bxf7+ {[%emt 0:00:31]} Kxf7 {[%emt 0:09:11]} 8. Qd5+ {[%emt 0:03:04]} Kf8 {[%emt 0:02:14]} 9. Qxc5+ {[%emt 0:00:33]} d6 {[%emt 0:00:16]} 10. Qe3 {[%emt 0:01:30]} Qf6 {[%emt 0:04:15]} 11. O-O {[%emt 0:05:55]} Ne5 {[%emt 0:10:09]} 12. Nxe5 {[%emt 0:05:05]} Qxe5 {[%emt 0:03:37]} 13. f4 {[%emt 0:03:51]} Qc5 {[%emt 0:27:07]} 14. Qd4 {[%emt 0:06:28]} Qxd4+ {[%emt 0:15:11]} 15. cxd4 {[%emt 0:04:13]} Ke7 {[%emt 0:05:02]} 16. Nc3 {[%emt 0:02:54]} Be6 {[%emt 0:05:18]} 17. f5 {[%emt 0:03:53]} Bc4 {[%emt 0:01:43]} 18. Bg5+ {[%emt 0:00:59]} Kf7 {[%emt 0:06:04]} 19. Rf2 {[%emt 0:01:39]} h6 {[%emt 0:11:09]} 20. Bh4 {[%emt 0:02:50]} Re8 {[%emt 0:05:04]} 21. Re1 {[%emt 0:02:54]} Ne7 {[%emt 0:08:19]} 22. f6 {[%emt 0:03:03]} gxf6 {[%emt 0:01:59]} 23. Rxf6+ {[%emt 0:09:41]} Kg7 {[%emt 0:01:00]} 24. Re3 {[%emt 0:00:56]} Rhf8 {[%emt 0:06:07]} 25. e5 {[%emt 0:02:34]} Nf5 {[%emt 0:02:02]} 26. Re4 {[%emt 0:02:32]} Nxh4 {[%emt 0:00:50]} 27. Rxh4 {[%emt 0:02:36]} dxe5 {[%emt 0:00:15]} 28. dxe5 {[%emt 0:01:28]} Rxf6 {[%emt 0:00:47]} 29. exf6+ {[%emt 0:00:16]} Kxf6 {[%emt 0:01:23]} 30. Rxc4 {[%emt 0:00:16]} Re1+ {[%emt 0:00:20]} 31. Kf2 {[%emt 0:00:12]} Rc1 {[%emt 0:00:10]} 32. Nd5+ {[%emt 0:00:09]} 1-0

[Event "30th Klatovy B 2024"]
[Site "Klatovy CZE"]
[Date "2024.07.07"]
[Round "9.15"]
[White "Marko, Ondrej 1960"]
[Black "Stastny, Matej"]
[Result "1/2-1/2"]
[WhiteElo "1786"]
[BlackElo "1674"]
[PlyCount "68"]
[EventDate "2024.06.29"]
[EventType "swiss"]
[EventRounds "9"]
[EventCountry "CZE"]

1. b3 d5 2. Bb2 Nf6 3. e3 c5 4. Bb5+ Nc6 5. Bxc6+ bxc6 6. d3 e6 7. Nf3 Bd6 8. Nbd2 O-O 9. O-O Rb8 10. c4 Re8 11. Ne5 Qc7 12. f4 Nd7 13. Nxd7 Qxd7 14. Nf3 f6 15. h3 e5 16. fxe5 fxe5 17. Ng5 Rf8 18. Rxf8+ Kxf8 19. Nxh7+ Kg8 20. Qh5 Qf5 21. Ng5 Be7 22. h4 Bxg5 23. hxg5 g6 24. Qh6 Qxd3 25. Rf1 Qxe3+ 26. Kh1 Bf5 27. Rxf5 gxf5 28. Qe6+ Kf8 29. Qxf5+ Kg8 30. Qg6+ Kf8 31. Qf6+ Kg8 32. g6 Qh6+ 33. Kg1 Qe3+ 34. Kh1 Qh6+ 1/2-1/2

[Event "30th Klatovy B 2024"]
[Site "Klatovy CZE"]
[Date "2024.07.07"]
[Round "9.16"]
[White "Zbanek, Jan"]
[Black "Cervenka, Jakub"]
[Result "1/2-1/2"]
[WhiteElo "1775"]
[BlackElo "1638"]
[PlyCount "39"]
[EventDate "2024.06.29"]
[EventType "swiss"]
[EventRounds "9"]
[EventCountry "CZE"]

1. e4 d5 2. exd5 Qxd5 3. Nc3 Qa5 4. d3 Nf6 5. Bd2 c6 6. Be2 Bf5 7. Bf3 Qc7 8. Nge2 e6 9. Ng3 Bg6 10. Qe2 Nbd7 11. O-O-O O-O-O 12. Nge4 Nxe4 13. Nxe4 Bxe4 14. Bxe4 Nf6 15. h3 Bd6 16. Bc3 Be5 17. Bxe5 Qxe5 18. Bf3 Qxe2 19. Bxe2 Nd5 20. Bf3 1/2-1/2

[Event "30th Klatovy B 2024"]
[Site "Klatovy CZE"]
[Date "2024.07.07"]
[Round "9.17"]
[White "Pucholt, Martin"]
[Black "Mascak, Milan"]
[Result "0-1"]
[WhiteElo "1752"]
[BlackElo "1662"]
[PlyCount "88"]
[EventDate "2024.06.29"]
[EventType "swiss"]
[EventRounds "9"]
[EventCountry "CZE"]

1. c4 b6 2. Nc3 Bb7 3. d4 e6 4. e4 Ne7 5. d5 Ng6 6. g3 e5 7. Bg2 d6 8. Nge2 Nd7 9. b4 Be7 10. Be3 O-O 11. b5 Nc5 12. O-O Bc8 13. Bxc5 dxc5 14. h3 Bd6 15. a4 f5 16. exf5 Bxf5 17. Ne4 Be7 18. N2c3 Qd7 19. Kh2 Nh8 20. Qe2 Nf7 21. Rad1 Rae8 22. a5 Nd6 23. a6 Rf7 24. f3 Bg6 25. h4 Qd8 26. Bh3 Nf5 27. Bxf5 Bxf5 28. Rh1 Ref8 29. Rdf1 h6 30. Kg2 g5 31. hxg5 Bxg5 32. Nxg5 Qxg5 33. Ne4 Qg6 34. Rh4 Rg7 35. g4 h5 36. Rxh5 Qxh5 37. Ng3 Qg6 38. Qxe5 Bd3 39. Nh5 Bxf1+ 40. Kf2 Rxf3+ 41. Kxf3 Qxg4+ 42. Ke3 Qe2+ 43. Kf4 Rg4+ 44. Kf5 Rg5+ 0-1

[Event "30th Klatovy B 2024"]
[Site "Klatovy CZE"]
[Date "2024.07.07"]
[Round "9.18"]
[White "Kusova, Nikola 2012"]
[Black "Strazhnyk, Viktoriia"]
[Result "1/2-1/2"]
[WhiteElo "1696"]
[BlackElo "1609"]
[PlyCount "81"]
[EventDate "2024.06.29"]
[EventType "swiss"]
[EventRounds "9"]
[EventCountry "CZE"]

1. e4 e6 2. d4 d5 3. Nc3 Nf6 4. Bg5 Be7 5. e5 Nfd7 6. Bxe7 Qxe7 7. f4 a6 8. Nf3 c5 9. dxc5 Nxc5 10. Nd4 Bd7 11. g3 Na4 12. Nxa4 Bxa4 13. Qd2 Nc6 14. Nxc6 Bxc6 15. Bg2 O-O 16. O-O Rac8 17. Rad1 Bb5 18. Rf2 Rc7 19. c3 Rfc8 20. Bf1 Bxf1 21. Rdxf1 Qc5 22. Qd4 Qxd4 23. cxd4 Rc4 24. Rd2 Rc2 25. Rxc2 Rxc2 26. Rf2 Rc1+ 27. Kg2 Rd1 28. Rc2 g6 29. Kf3 Rxd4 30. Ke3 Rc4 31. Rxc4 dxc4 32. a4 Kf8 33. Kd4 Ke7 34. Kxc4 b6 35. b4 Kd7 36. b5 a5 37. Kd4 Ke7 38. g4 h6 39. g5 h5 40. Ke4 Kd7 41. h4 1/2-1/2

[Event "30th Klatovy B 2024"]
[Site "Klatovy CZE"]
[Date "2024.07.07"]
[Round "9.19"]
[White "Krivka, Lukas"]
[Black "Kroulik, Stepan"]
[Result "0-1"]
[WhiteElo "1587"]
[BlackElo "1688"]
[PlyCount "96"]
[EventDate "2024.06.29"]
[EventType "swiss"]
[EventRounds "9"]
[EventCountry "CZE"]

1. d4 c5 2. d5 Nf6 3. c4 e6 4. Nc3 exd5 5. cxd5 d6 6. e4 g6 7. Nf3 Bg4 8. Be2 Bxf3 9. Bxf3 Bg7 10. Bg5 O-O 11. O-O a6 12. a4 Nbd7 13. Re1 Re8 14. Qd2 Ne5 15. Be2 Qc7 16. Bh6 Ned7 17. Bf3 Bh8 18. Qg5 Re5 19. Qd2 Rae8 20. Bf4 R5e7 21. Re3 Nb6 22. b3 Nxe4 23. Nxe4 Rxe4 24. Rae1 Rxe3 25. Rxe3 Rxe3 26. Qxe3 Qd7 27. Bh6 Bg7 28. a5 Bxh6 29. Qxh6 Qf5 30. Qd2 Nd7 31. Qe1 Ne5 32. Be4 Qf4 33. g3 Nf3+ 34. Bxf3 Qxf3 35. Qd2 Qxb3 36. Qg5 Kg7 37. h4 Qa4 38. h5 Qd1+ 39. Kg2 Qxh5 40. Qd2 Qe5 41. Qd1 Qc3 42. Qb1 Qxa5 43. Qxb7 c4 44. Qc6 Qc5 45. Qxa6 Qxd5+ 46. Kh2 c3 47. Qa1 Qd2 48. Kh3 Qb2 0-1

[Event "30th Klatovy B 2024"]
[Site "Klatovy CZE"]
[Date "2024.07.07"]
[Round "9.20"]
[White "Rektor, David"]
[Black "Studnicka, Ondrej"]
[Result "0-1"]
[WhiteElo "1625"]
[BlackElo "1748"]
[PlyCount "32"]
[EventDate "2024.06.29"]
[EventType "swiss"]
[EventRounds "9"]
[EventCountry "CZE"]

1. e4 c5 2. Nc3 Nc6 3. f4 d6 4. Nf3 Nf6 5. Bc4 g6 6. O-O Bg7 7. d3 O-O 8. Qe1 Bg4 9. Qh4 Bxf3 10. Rxf3 Nd4 11. Rh3 h5 12. e5 dxe5 13. fxe5 Ng4 14. Bg5 Nf5 15. Qe1 Qd4+ 16. Kf1 Bxe5 0-1

[Event "30th Klatovy B 2024"]
[Site "Klatovy CZE"]
[Date "2024.07.07"]
[Round "9.21"]
[White "Tykalova, Barbora 2015"]
[Black "Tejnor, Martin"]
[Result "1/2-1/2"]
[WhiteElo "1594"]
[BlackElo "1732"]
[PlyCount "53"]
[EventDate "2024.06.29"]
[EventType "swiss"]
[EventRounds "9"]
[EventCountry "CZE"]

1. e4 c5 2. Nf3 d6 3. d4 cxd4 4. Qxd4 a6 5. c4 Nc6 6. Qe3 g6 7. Bd2 Bg7 8. Nc3 Nf6 9. Bd3 O-O 10. h4 e6 11. Qg5 h6 12. Qg3 d5 13. h5 dxe4 14. Bxe4 Nxe4 15. Nxe4 Qd3 16. Nc3 Nd4 17. Nxd4 Qxg3 18. fxg3 Bxd4 19. Bxh6 Rd8 20. hxg6 fxg6 21. O-O-O b6 22. Ne2 Bf6 23. Rxd8+ Bxd8 24. Be3 Bb7 25. Nf4 Bg5 26. Bd4 Bxg2 27. Rh8+ 1/2-1/2

[Event "30th Klatovy B 2024"]
[Site "Klatovy CZE"]
[Date "2024.07.07"]
[Round "9.22"]
[White "Lickova, Anna"]
[Black "Vratny, Vojtech"]
[Result "1-0"]
[WhiteElo "1725"]
[BlackElo "1564"]
[PlyCount "83"]
[EventDate "2024.06.29"]
[EventType "swiss"]
[EventRounds "9"]
[EventCountry "CZE"]

1. e4 c6 2. d4 d5 3. Nc3 dxe4 4. Nxe4 Nf6 5. Nxf6+ exf6 6. Nf3 Bg4 7. Be2 Bd6 8. h3 Bxf3 9. Bxf3 O-O 10. O-O Nd7 11. Re1 Qc7 12. Qd3 Rfe8 13. Bd2 Nf8 14. d5 Rad8 15. Rxe8 Rxe8 16. dxc6 bxc6 17. Rd1 Ne6 18. Be3 Rd8 19. Qe2 Bf4 20. Rxd8+ Qxd8 21. c3 c5 22. b4 cxb4 23. cxb4 Qb8 24. a3 Qe5 25. Bxf4 Qxf4 26. Qc2 g6 27. Qc3 Kg7 28. a4 Nd4 29. Bd1 Qd6 30. Qe1 Nf5 31. b5 Qd4 32. a5 Nd6 33. Be2 Qc5 34. Qb1 Nc8 35. Bf3 f5 36. Bb7 Nd6 37. Ba6 Ne4 38. Qb2+ Kf8 39. b6 Nd6 40. b7 Nxb7 41. Qxb7 Qc1+ 42. Bf1 1-0

[Event "30th Klatovy B 2024"]
[Site "Klatovy CZE"]
[Date "2024.07.07"]
[Round "9.23"]
[White "Vavrousek, Petr"]
[Black "Babicky, Jan 2009"]
[Result "0-1"]
[WhiteElo "1710"]
[BlackElo "1542"]
[PlyCount "64"]
[EventDate "2024.06.29"]
[EventType "swiss"]
[EventRounds "9"]
[EventCountry "CZE"]

1. e4 e6 2. d4 d5 3. Nc3 Bb4 4. a3 Bxc3+ 5. bxc3 dxe4 6. Qg4 Nf6 7. Qxg7 Rg8 8. Qh6 c5 9. Ne2 Rg6 10. Qd2 Nd5 11. Ng3 Nf6 12. Be2 Nc6 13. O-O cxd4 14. Bb2 Qb6 15. Rab1 e3 16. fxe3 dxe3 17. Qd3 a6 18. c4 Nd7 19. Bh5 e2+ 20. Rf2 Qxb2 21. Rxb2 e1=Q+ 22. Rf1 Qe5 23. Bxg6 hxg6 24. c3 Qc5+ 25. Kh1 Qxa3 26. Rbf2 Nde5 27. Qd2 Bd7 28. Ne4 O-O-O 29. Nd6+ Kb8 30. Nxf7 Nxf7 31. Rxf7 Be8 32. Qf4+ e5 0-1

[Event "30th Klatovy B 2024"]
[Site "Klatovy CZE"]
[Date "2024.07.07"]
[Round "9.24"]
[White "Svejdar, Petr"]
[Black "Koutecka, Magdalena"]
[Result "1-0"]
[WhiteElo "1695"]
[BlackElo "1479"]
[PlyCount "129"]
[EventDate "2024.06.29"]
[EventType "swiss"]
[EventRounds "9"]
[EventCountry "CZE"]

1. d4 Nf6 2. Nf3 g6 3. Bf4 Bg7 4. e3 c5 5. c4 O-O 6. Nc3 Nc6 7. d5 Nb4 8. a3 Na6 9. Rb1 d6 10. Bd3 Bd7 11. O-O Nc7 12. e4 a6 13. a4 Rb8 14. e5 Nh5 15. Qd2 b5 16. exd6 Nxf4 17. Qxf4 exd6 18. axb5 axb5 19. Qxd6 bxc4 20. Bxc4 Rb4 21. Qxc5 Qb8 22. Na2 Rxb2 23. Rxb2 Bxb2 24. Nd4 Rc8 25. Nc6 Bxc6 26. dxc6 Qa8 27. Nb4 Ba3 28. Qe7 Rf8 29. Qxc7 Bxb4 30. Qb7 Qxb7 31. cxb7 Rb8 32. Bd5 Bd6 33. Rc1 Kg7 34. g3 g5 35. Rc8 f6 36. Rxb8 Bxb8 37. Kg2 h6 38. Be6 Kf8 39. Kh3 Ke7 40. Bf5 Kf7 41. Kg4 Kg7 42. Be4 Kf7 43. Kf5 Bc7 44. Bd5+ Kg7 45. Ke6 Bb8 46. Kd7 Kg6 47. Kc8 Ba7 48. b8=Q Bxb8 49. Kxb8 Kf5 50. f3 Ke5 51. Bb3 Kd4 52. Kc7 Ke3 53. Bd5 Kf2 54. g4 Kg2 55. Kd6 Kxh2 56. Ke6 Kg3 57. Kxf6 Kf4 58. Kg6 Ke5 59. Be4 Kf4 60. Kxh6 Ke5 61. Kxg5 Ke6 62. Kg6 Ke5 63. g5 Ke6 64. f4 Ke7 65. Kg7 1-0

[Event "30th Klatovy B 2024"]
[Site "Klatovy CZE"]
[Date "2024.07.07"]
[Round "9.27"]
[White "Stepnicka, Filip"]
[Black "Spackova, Martina 1992"]
[Result "0-1"]
[WhiteElo "1434"]
[BlackElo "1777"]
[PlyCount "64"]
[EventDate "2024.06.29"]
[EventType "swiss"]
[EventRounds "9"]
[EventCountry "CZE"]

1. e4 e5 2. Nf3 Nc6 3. d4 exd4 4. Nxd4 Bc5 5. Be3 Qf6 6. c3 Qg6 7. Nxc6 Bxe3 8. fxe3 Qxc6 9. Nd2 Qb6 10. Nc4 Qg6 11. Nd2 Nf6 12. Qf3 d6 13. h3 O-O 14. Bc4 Re8 15. O-O Be6 16. Bd3 Nd7 17. Rad1 Ne5 18. Qe2 Bxh3 19. Nf3 Nxf3+ 20. Qxf3 Bg4 21. e5 Bxf3 22. Bxg6 hxg6 23. Rxf3 Rxe5 24. Rdf1 f6 25. Rg3 Kf7 26. Kh2 Rh8+ 27. Kg1 Reh5 28. Kf2 Rh1 29. Rxh1 Rxh1 30. a4 Rc1 31. Ke2 Rc2+ 32. Kd3 Rxb2 0-1

[Event "30th Klatovy B 2024"]
[Site "Klatovy CZE"]
[Date "2024.07.07"]
[Round "9.29"]
[White "Zelenka, Tomas"]
[Black "Tereshonkov, Stanislav"]
[Result "1-0"]
[WhiteElo "1575"]
[BlackElo "1413"]
[PlyCount "27"]
[EventDate "2024.06.29"]
[EventType "swiss"]
[EventRounds "9"]
[EventCountry "CZE"]

1. e4 e5 2. Bc4 Nc6 3. Nc3 Bc5 4. Nf3 Nf6 5. O-O d6 6. d3 h6 7. h3 O-O 8. a3 Be6 9. Nd5 Ne7 10. Nxf6+ gxf6 11. Bxe6 fxe6 12. Bxh6 Re8 13. Nxe5 dxe5 14. Qg4+ 1-0

[Event "30th Klatovy B 2024"]
[Site "Klatovy CZE"]
[Date "2024.07.07"]
[Round "9.36"]
[White "Koutecky, Vaclav 2014"]
[Black "Martinek, Tomas 2012"]
[Result "1-0"]
[WhiteElo "1514"]
[BlackElo "1438"]
[PlyCount "35"]
[EventDate "2024.06.29"]
[EventType "swiss"]
[EventRounds "9"]
[EventCountry "CZE"]

1. d4 d5 2. e4 dxe4 3. Nc3 Nf6 4. Bg5 Bf5 5. f3 e3 6. Bxe3 Nc6 7. Bb5 a6 8. Ba4 b5 9. Bb3 e6 10. d5 Na5 11. dxe6 fxe6 12. Qxd8+ Rxd8 13. Nge2 Nxb3 14. axb3 Bxc2 15. Nd4 Bf5 16. Rxa6 Bc5 17. Nxf5 Bxe3 18. Nxe3 1-0